The physics of blown sand and desert dunes
Enregistré dans:
| Auteur principal: | |
|---|---|
| Format: | Livre |
| Langue: | anglais |
| Publié: |
Nueva York
Dover Publication
2005
|
| Édition: | 1a. ed |
| Sujets: | |
| Tags: |
Ajouter un tag
Pas de tags, Soyez le premier à ajouter un tag!
|
MARC
| LEADER | 00000cam a2200000 a 4500 | ||
|---|---|---|---|
| 001 | UCG9828 | ||
| 003 | CL-VaPUC | ||
| 008 | 120405e20050000us |||||||||||||||||eng|d | ||
| 020 | |a 9780486439310 | ||
| 082 | 0 | 4 | |a 551.375 |b BAG |2 21 |
| 100 | 0 | |a Bagnold, Ralph Alger |e author |9 561534 | |
| 245 | 1 | 4 | |a The physics of blown sand and desert dunes |
| 250 | |a 1a. ed | ||
| 300 | |a 265 p | ||
| 942 | |c BK | ||
| 945 | |d 20120405 00:00:00 |a dcastane | ||
| 260 | |a Nueva York |b Dover Publication |c 2005 | ||
| 650 | 0 | |a Dunas |9 361464 | |
| 650 | 7 | |a DESIERTOS |2 CL-VaPUC |9 357427 | |
| 650 | 0 | |a Vientos |9 333990 | |
| 583 | |a last modification |c 20150402 01:16:02 |k Rodrigo Vera | ||
| 999 | |c 347365 |d 347363 | ||
| 952 | |0 0 |1 0 |2 ddc |4 0 |6 551_375000000000000_BAG_2005 |7 0 |8 A |9 448644 |a BIBARQ |b BIBARQ |c PAC |d 2019-11-22 |i 4855299 |o 551.375 BAG 2005 |p 4855299 |r 2025-01-20 |w 2019-11-22 |y BK |k ARQ | ||
| 952 | |0 0 |1 0 |3 erb |4 0 |6 551_375000000000000_BAG_2005 |7 0 |8 A |9 448645 |a BIBCUR |b BIBCUR |i 5144906 |o 551.375 BAG 2005 |p 5144906 |r 2025-04-22 |w 2019-11-22 |y BK |z Catalogado en:20150409 |k FIS | ||
| 952 | |0 0 |1 0 |3 erb |4 0 |6 551_375000000000000_BAG_2005 |7 0 |8 A |9 448646 |a BIBCUR |b BIBCUR |i 5144914 |o 551.375 BAG 2005 |p 5144914 |r 2025-04-22 |w 2019-11-22 |y BK |z Catalogado en:20150409 |k FIS | ||